000 01866nam2a2200373 4500
001 v19\rc\1891054
005 20251118180404.1
035 _a(NLR Aleph) 004978485
090 _a6159831
_c6159831
100 _a20080221d1911 u y0rusy50 ca
101 0 _arus
102 _aRU
105 _aa z |||||
200 1 _aУсловия внутринадельного размежевания и землеустройства в селениях Амурской и Приморской областей
_fсост. участник Экспедиции В.А. Закревский
210 _aСанкт-Петербург
_cТип. Еванг. о-ва молодых людей
_d1911
215 _a[4], 108, 28 с.
_cчерт.
461 0 _1001v19\rc\1891034
_12001#$aТруды командированной по высочайшему повелению Амурской экспедиции$vВып. 5, прил.
_96159631
_aАмурская экспедиция (1910)
_cСанкт-Петербург
_d1911
_nТипография В. Ф. Киршбаума
_tТруды командированной по высочайшему повелению Амурской экспедиции
_vВып. 5, прил.
702 1 _aЗакревский
_bВ. А.
_gВиталий Александрович
_4220
801 0 _aRU
_bNLR
_gpsbo
801 0 _aRU
_bRuMoRGB
_2psbo
801 1 _aRU
_bProSoft-M
_2rusmarc
852 _aNLR
_j17.124.3.2(в.5, прил.)
899 _aRuMoRGB
_jU 86/32
899 _aRuMoRGB
_jH 12/296 (прил. вып. 5)
899 _aRuMoRGB
_jH 18/296
899 _aRuMoRGB
_jU 244/29
899 _aRuMoRGB
_jU 286/49
899 _aБАН
899 _aНБ СПбГУ
_y(1-16*)
899 _aГПИБ
_y(1-13*)
899 _aНБ МГУ
_y(1-16*)
942 _cBOOK
980 _aNB